Thanh kiếm và lá chắn; T1 Tiểu thuyết tình báo

Spremljeno u:
Bibliografski detalji
Glavni autor: Vadim Kojevnikov
Format: Knjiga
Jezik:Undetermined
Izdano: Tp. HCM Văn nghệ 1982
Teme:
Oznake: Dodaj oznaku
Bez oznaka, Budi prvi tko označuje ovaj zapis!
Thư viện lưu trữ: Trung tâm Học liệu Trường Đại học Cần Thơ
LEADER 00543nam a2200181Ia 4500
001 CTU_15936
008 210402s9999 xx 000 0 und d
082 |a 891.744 
082 |b K87/T.1 
100 |a Vadim Kojevnikov 
245 0 |a Thanh kiếm và lá chắn; T1 
245 0 |b Tiểu thuyết tình báo 
245 0 |c Vadim Kojevnikov, Dương Cầm, Hải Đình 
260 |a Tp. HCM 
260 |b Văn nghệ 
260 |c 1982 
650 |a russian fiction 
980 |a Trung tâm Học liệu Trường Đại học Cần Thơ